Sports Quiz

Random Sports Quiz

Bruins Goal Scorers Quiz Stats

 Plays Quiz not verified by Sporcle

Challenge
Share
Tweet
Embed
Score 0/25 Timer 06:00
0 Plays Today
Year Player % Correct
06-07Marc Savard (22)
89.2%
08-09Marc Savard (25)
89.2%
05-06Patrice Bergeron (31)
87.4%
09-10Patrice Bergeron (19)
87.4%
06-07Patrice Bergeron (22)
87.4%
07-08Zdeno Chara (17)
82%
08-09Phil Kessel (36)
78.4%
07-08Phil Kessel (19)
78.4%
07-08Marco Sturm (27)
73.9%
09-10Marco Sturm (22)
73.9%
06-07Marco Sturm (27)
73.9%
09-10Mark Recchi (18)
73.9%
05-06Marco Sturm (23)
73.9%
Year Player % Correct
09-10Blake Wheeler (18)
68.5%
08-09Michael Ryder (27)
65.8%
09-10Michael Ryder (18)
65.8%
06-07Glen Murray (28)
53.2%
05-06Glen Murray (24)
53.2%
07-08Glen Murray (17)
53.2%
05-06Sergei Samsonov (18)
47.7%
08-09David Krejci (22)
39.6%
07-08Chuck Kobasew (22)
30.6%
08-09Chuck Kobasew (21)
30.6%
05-06Brad Boyes (26)
25.2%
06-07Brad Boyes (13)
25.2%

You're not logged in!

Compare scores with friends on all Sporcle quizzes.
Join for Free
OR
Log In

You Might Also Like...

Show Comments

Extras

Top Quizzes Today


Score Distribution

Your Account Isn't Verified!

In order to create a playlist on Sporcle, you need to verify the email address you used during registration. Go to your Sporcle Settings to finish the process.

Report this User

Report this user for behavior that violates our Community Guidelines.

Details: